Statistics for Big Brother 8 Houseguests (US)

Click here to take the quiz!

General Stats

  • This quiz has been taken 93 times
  • The average score is 12 of 14

Answer Stats

Answer% Correct
Dick
99%
Jessica
95%
Eric
93%
Dustin
92%
Daniele
91%
Jen
91%
Joe
91%
Amber
84%
Kail
84%
Carol
83%
Nick
83%
Jameka
81%
Zach
80%
Mike
77%

Score Distribution

Percentile by Number Answered

Percent of People with Each Score

Your Score History

You have not taken this quiz